Geografía de América por letra - B - Estadísticas

Estadísticas generales
  • Esta prueba ha sido intentada 3.345 veces
    2.034 desde el último reinicio
  • La puntuación promedio es 11 de 20
Estadísticas de respuestas
Pista Respuesta % Correcto
El país sudamericano más grande Brasil
100%
Capital de Colombia Bogotá
95%
Otro país sudamericano Bolivia
95%
Capital de Argentina Buenos Aires
94%
País en Centroamérica Belice
86%
La zona misteriosa del Atlántico Triángulo de las {Bermudas}
83%
País con más de 700 islas Bahamas
75%
País insular en el Mar Caribe Barbados
74%
Ciudad importante en la respuesta anterior {Belo} Horizonte
70%
Capital de Massachusetts Boston
67%
Capital de la respuesta anterior Belmopán
56%
Península mexicana Baja California
39%
Capital de la respuesta anterior Bridgetown
39%
Río fronterizo entre EE. UU. y México Bravo
37%
Ciudad turística más visitada en la Patagonia Bariloche
32%
Un departamento colombiano o un estado venezolano Bolívar
26%
La isla más grande de Canadá Baffin
24%
Barrio de esa capital con el estadio del River Plate Belgrano
20%
Región chileno con el río homónimo Biobío
15%
El parque nacional más antiguo del Canadá Banff
12%
No se encontraron pruebas coincidentes
Distribución de puntuación
Porcentaje de gente con cada puntuación
Porcentaje por número respondido
Historial de tus puntuaciones
No has intentado esta prueba desde el último reinicio